Az 1968-as carrarai nemzetközi anarchista kongresszus és az Anarchista Föderációk Internacionáléjának születése

Elmentve itt :
Bibliográfiai részletek
Szerző: Poór Péter
Dokumentumtípus: Cikk
Megjelent: 2025
Sorozat:Aetas 40 No. 2
Kulcsszavak:Kongresszus - nemzetközi - Carrara - 1968
Tárgyszavak:
Online Access:http://acta.bibl.u-szeged.hu/89861
LEADER 00777nab a2200205 i 4500
001 acta89861
005 20260312155610.0
008 260312s2025 hu o 000 hun d
022 |a 0237-7934 
040 |a SZTE Egyetemi Kiadványok Repozitórium  |b hun 
041 |a hun 
100 1 |a Poór Péter 
245 1 3 |a Az 1968-as carrarai nemzetközi anarchista kongresszus és az Anarchista Föderációk Internacionáléjának születése  |h [elektronikus dokumentum] /  |c  Poór Péter 
260 |c 2025 
300 |a 112-138 
490 0 |a Aetas  |v 40 No. 2 
650 4 |a Bölcsészettudományok 
650 4 |a Történettudomány és régészet 
695 |a Kongresszus - nemzetközi - Carrara - 1968 
856 4 0 |u http://acta.bibl.u-szeged.hu/89861/1/aetas_2025_002_112-138.pdf  |z Dokumentum-elérés